| 000 | 00814nam a2200325Ia 4500 | ||
|---|---|---|---|
| 008 | 210210b2010 xxu||||| |||| 00| 0 eng d | ||
| 020 | _a9788179929964 | ||
| 041 | _aeng | ||
| 082 | _a658.4 VELO | ||
| 100 | _aVELURI (Sarma V S) | ||
| 245 |
_aOrganisational behaviour: an interactive learning approach text and cases _bIncludes CD with case studies |
||
| 260 |
_aAhmedabad _bJaico Publishing House _c2010 |
||
| 300 | _axvi,608 | ||
| 650 | _awith | ||
| 650 | _atext | ||
| 650 | _astudies | ||
| 650 | _aOrganisational | ||
| 650 | _alearning | ||
| 650 | _ainteractive | ||
| 650 | _aIncludes | ||
| 650 | _aCD | ||
| 650 | _acases | ||
| 650 | _acase | ||
| 650 | _abehaviour: | ||
| 650 | _aapproach | ||
| 650 | _aand | ||
| 650 | _aan | ||
| 690 | _aOrganisational Behaviour | ||
| 906 | _a070800 | ||
| 999 |
_c120299 _d120299 |
||